Responses for show #4584 - Thursday, July 8, 2004

Ken Jennings game 27.

Contestants

[<< previous game]

Leonard Koss, an entrepreneur from Santa Monica, California

Oliver Mellet, a computer programmer from Marina del Rey, California

Ken Jennings, a software engineer from Salt Lake City, Utah (whose 26-day cash winnings total $828,960)

[next game >>]

Jeopardy! Round responses

THEATRE AWARDS
NEIL DOWN
HOW 'BOUT A DRINK?
THEIR NATIVE SOIL
(Alex: You have to identify the country where each person was born.)
"CHA"
THAT'S MY SCHOOL!
    $200 6
Toronto

Ken
    $200 1
Doogie Howser

Ken
    $200 26
scotch (whiskey)

Ken
    $200 11
Jamaica

Leonard
    $200 16
(Leonard: What is a ch--um... I don't know.)

a chauffeur

KenLeonard
    $200 21
Edison

Leonard
    $400 7
a Tony

Leonard
    $400 2
Neil Young

Leonard
    $400 27
sugar

Ken
    $400 12
Taiwan

Ken
    $400 17
a chapter

Leonard
    $400 22
Stanford

Ken
    $600 8
Shakespeare

Ken
    $600 3
Neil Simon

Ken
    $600 28
(Ken: What is... a sidecar?)

a Brandy Alexander

Ken
Triple Stumper
    $600 13
Cuba

Ken
    $600 18
(Alex: [*], yes. The famous Eames [*] and Adirondack [*].)

a chair

Oliver
    $1,700 23
Dr. Scholl

Ken
    $800 9
Olivier

Ken
    $800 4
Pet Shop Boys

Ken
    $800 29
a cosmopolitan

Ken
    $800 14
(Alex: That would be [*], the Ballet Russe.)

Russia

Triple Stumper
    $800 19
a chafing dish

Leonard
    $800 24
Sarah Lawrence

Ken
    $1000 10
The Village Voice

Triple Stumper
    $1000 5
Neil Sedaka

Leonard
    $1000 30
(Alex: Yeah, and I'm wondering...)
[Ken laughs]
(Alex: You're a Mormon, you don't drink. And you got four of the five clues in this category. And you have done well with alcoholic beverage clues in the past. We'd better talk about this during the commercial break. We'll be back.)

a Rickey

Ken
    $1000 15
Argentina

Ken
    $1000 20
Chad

Oliver
    $1000 25
(Alex: [*] is right, Robert E. [*].)

Lee

Ken

Scores at the first commercial break (after clue 14):

Ken Oliver Leonard
$4,200 $0 $2,000

Scores at the end of the Jeopardy! Round:

Ken Oliver Leonard
$11,100 $1,600 $3,200

Double Jeopardy! Round responses

THE 50 STATES
COUNTRY MUSIC
HISTORIC PEOPLE
ARE YOU A BETTING MAN?
SHAKESPEARE, THE SITCOM
JUMP ON THE "BAND" WAGON
    $400 16
Rhode Island

Ken
    $400 26
Johnny Cash

Ken
    $400 21
the Alamo

Ken
    $400 1
a numbers game

Ken
    $400 11
Romeo and Juliet

Oliver
    $400 6
a bandstand

Ken
    $800 17
Kansas

Triple Stumper
    $800 27
"Achy Breaky Heart"

Ken
    $800 22
(Charles) De Gaulle

Leonard
    $800 2
a slot machine

Leonard
    $800 12
Desdemona

Leonard
    $800 7
the big band era

Ken
    $1200 18
Michigan

Ken
    $1200 28
Kenny Rogers

Oliver
    $3,000 23
(Leonard: What is... Father Superior?--I don't know.)

Father of the Country

Leonard
    $1200 3
a tell

Ken
    $1200 13
King Lear

Leonard
    $1200 8
Antonio Banderas

Ken
    $1600 19
Kentucky

Triple Stumper
    $1600 29
Merle Haggard

Ken
    $1600 24
Ivan the Terrible

Triple Stumper
    $1600 4
a Nassau

Triple Stumper
    $1600 14
Prospero

Ken
    $1600 9
a bandolier

Oliver
    $2000 20
(Leonard: What is Minnesota?)

Wisconsin

OliverLeonard
    $2000 30
pour out the rain

Triple Stumper
    $2000 25
(Alex: And you remember her just before his death, [*]. [*].)

Nell Gwynn

Triple Stumper
    $2000 5
banco

Oliver
    $6,300 15
(Alex: In The Merchant of Venice, yes, indeed.)

Portia

Ken
    $2000 10
(Crash) Bandicoot

Ken

Scores at the end of the Double Jeopardy! Round:

Ken Oliver Leonard
$29,800 $8,800 $1,800
(lock game)

[wagering suggestions for these scores]

Final Jeopardy! Round responses

FICTIONAL PEOPLE
(Alex: [After revealing Leonard's response] Yes, got tired of waiting around for Superman. He's a dud.)
...
(Alex: Oh, and the Superman emblem?)
(Ken: Sort of.)
(Alex: Sort of? Yes, it looks like a snake.)
LeonardWho is Lois Lane
$1,795
OliverWho is [a scribble that looks like "on fire"]
$5,000
KenWho is Lois Lane? [a drawing of the Superman emblem]
$10,200
Lois Lane

Final scores:

Ken Oliver Leonard
$40,000 $3,800 $3,595
27-day champion: $868,960 2nd place: $2,000 3rd place: $1,000

Game dynamics:

Coryat scores:

Ken Oliver Leonard
$24,400 $8,800 $4,800
32 R
(including 2 DDs),
1 W
7 R,
0 W
11 R,
3 W
(including 1 DD)

Combined Coryat: $38,000

The J! Archive is created by fans, for fans. The Jeopardy! game show and all elements thereof, including but not limited to copyright and trademark thereto, are the property of Jeopardy Productions, Inc. and are protected under law. This website is not affiliated with, sponsored by, or operated by Jeopardy Productions, Inc. Join the discussion at JBoard.tv.